| 000 | 00686nam a22001817a 4500 | ||
|---|---|---|---|
| 003 | BD-DhUL | ||
| 005 | 20180523102717.0 | ||
| 008 | 161027s1979 ii |||| |||| 000 0 ben d | ||
| 040 |
_aBD-DhUL _cBD-DhUL |
||
| 082 |
_a891.443 _bSES |
||
| 100 | 1 | _aসেনগুপ্ত, সুজিতকুমার। | |
| 245 | 0 | 0 |
_aসোনালি দিনের পাখিরা / _cসুজিতকুমার সেনগুপ্ত। |
| 260 |
_aকলিকাতা : _bমিত্র ও ঘোষ, _c১৯৭৯। |
||
| 300 |
_a১৮৪ পৃ. ; _c২০ সেমি. |
||
| 650 | 4 | _aবাংলা উপন্যাস | |
| 650 | 4 | _aBengali fiction | |
| 942 |
_2ddc _cBK |
||
| 999 |
_c241495 _d241495 |
||